| 000 | 00386nam a2200145Ia 4500 | ||
|---|---|---|---|
| 008 | 220204s9999 xx 000 0 und d | ||
| 082 |
_a336.77 _bKES |
||
| 100 | _aKESHMAMAT, V V | ||
| 245 | 0 | _aDocumentary letters of credit: Uniform customs and practice | |
| 260 |
_aBombay _bVivek _c1975 |
||
| 650 | _aLC Exports | ||
| 650 | _aLC Imports | ||
| 650 | _aLetters of credit | ||
| 942 | _cBK | ||
| 999 |
_c23820 _d23820 |
||